000 00861nam a2200229 a 4500
001 000072146
003 AM-YEHGA
005 20250618071028.0
008 960705s1989 ru ||||| |||| 00| 0 rus d
020 _a5020265446
040 _aAM-YeHGA
041 0 _arus
245 1 0 _aВопросы палеофлористики и стратиграфии /
_cОтв. ред. А. Л. Тахтаджян.
260 0 _aЛенинград :
_bНаука. Ленингр. отд-ние,
_c1989.
300 _a103 с. :
_c[1] л. портр. ;
_c24 см.
550 _aАН СССР, Всесоюз. ботан. о-во
650 1 4 _aПалеоботаника - Сборники
650 1 4 _aСтратиграфия - Сборники
700 1 0 _aԹախտաջյան, Արմեն Լևոնի,
_d1910-2009
_eред.
_4edt
_93348
942 _2udc
_cBK
090 _c21957
999 _c21732
_d21732